000 00277nam a22001337a 4500
003 SGT
082 _a610.7362
_bP16S
100 _aSRIVASTAVA, R.N.
245 _aPEDIATRIC NEPHROLOGY
250 _a6TH
260 _aINDIA
_bJAYPEE
_c2016
300 _a600
942 _2ddc
_cBK
999 _c15219
_d15219